000 01213cad a22002295a 4500
001 L156799
008 120716s2012 xxkdo f 000 0 eng d
035 _a(Sirsi) u156799
041 0 _aeng
110 2 _aSavills Research
_95211
245 0 0 _aPrime London residential markets
_bJuly 2012
_h[electronic resource]
260 _aLondon
_bSavills
_c2012
490 0 _aSavills Research Residential Market in Minutes Prime London Residential Markets
_vJuly 2012
520 _aLondon's prime residential values increased by an average of 0.9% in 2 Qr 2012 and annual growth slowed to 6%. Overseas buyers made up 58% of all buyers in the first half 2012. Factors such as higher Stamp Duty on properties worth over 2 million pounds and currency exchange rates could lead to a lull in prime residential growth which could affect other UK prime markets.
521 _aAdvanced
590 _aKA
650 2 4 _aSAVILLS MARKET IN MINUTES
651 4 _aUnited Kingdom
_y
690 _aResidential property
_96266
856 4 0 _uhttps://pdf.euro.savills.co.uk/uk/market-in-minute-reports/market-in-minutes-prime-london-residential-july-2012.pdf
_zView the report after free registration at www.savills.co.uk
942 _n0
999 _c114419
_d114419